| 000 | 01572nam0a2200349 4500 | ||
|---|---|---|---|
| 001 | RU\NLR\BIBL_A\022552613 | ||
| 005 | 20260420045055.0 | ||
| 010 |
_a978-5-04-213548-4 _93000 |
||
| 021 |
_aRU _bКН-П-25-019489 _9КН-П-25-1969 |
||
| 035 | _a(NLR Aleph) 022552613 | ||
| 090 |
_a13673641 _c13673641 |
||
| 100 | _a20250528d2025 u y0rusy50 ca | ||
| 101 | 0 | _arus | |
| 102 | _aRU | ||
| 105 | _aa z 000zy | ||
| 181 | 0 |
_ai _baxxe |
|
| 182 | 0 | _an | |
| 200 | 1 |
_aНамаз и Ураза _eмолитва и пост в жизни правоверного мусульманина _eсоставлено по книге "Путь мусульманина" авторов Айдара Зиннатуллина и Альмира Хабибуллина |
|
| 203 |
_aТекст _bвизуальный _cнепосредственный |
||
| 210 |
_aМосква _cЭксмо _d2025 |
||
| 215 |
_a125, [1] с. _cил. _d19 |
||
| 225 | 1 |
_aРелигия _iИслам |
|
| 333 | _a12+ | ||
| 488 | 0 |
_12001#$aПуть мусульманина$fА. Зиннатуллин, А. Хабибуллин _1210## _1700#1$aЗиннатуллин$bА.З.$gАйдар Зуфарович _1701#1$aХабибуллин$bА.$gАльмир _tПуть мусульманина _aЗиннатуллин, Айдар Зуфарович |
|
| 606 | 1 |
_aУраза _92074849 _3RU\NLR\AUTH\661249870 |
|
| 606 | 1 |
_aНамаз _91732875 _3RU\NLR\AUTH\66774676 |
|
| 686 | 1 | _aЭ38-53 | |
| 686 | 1 | _aЭ38-428 | |
| 942 | _cBOOK | ||
| 980 | _aNB | ||